000 00737nam a2200241 a 4500
001 74397
003 BD-RjUL
005 20211209082539.0
008 180910s2008 ii ||||| bi|| 001 0 eng d
020 _a8126131950 :
_cTk.3180.00
035 _a(BD-RjUL)
040 _aBD-RjUL
_beng
_cBD-RjUL
041 _aeng
082 _223
_a297.124
_bHAD 2008
245 _aHadith on law /
_cMohammad Razi Khan Afridi ; editor
260 _aNew Delhi, India :
_b Anmol Publications,
_c 2008.
300 _aviii, 311 pages ;
_c 25 cm
504 _aIncludes bibliography and Index
650 _aHadith
_vCriticism, interpretation, etc.
_9222384
650 _aIslamic Law
_9222386
700 _aAfridi, Mohammad Razi Khan
_9222387
942 _2ddc
_cBK
999 _c74397
_d74397